000 00371 a2200157 4500
001 156462
020 _a9788541806107
040 _cEscola São Tomás de Aquino
100 _aSAMPAIO, Fernando dos Santos
240 1 0 _aPara viver juntos
_lpor
245 1 0 _aPara viver juntos
300 _a238
362 0 _a2014
697 _aGEOGRAFIA GERAL / VIAGENS
942 _cBK
999 _c156462
_d156462